000
00322nam a22001337a 4500
008
170508b xxu||||| |||| 00| 0 eng d
020
_a
9780314199713
041
_a
eng
080
_2
9TH
_a
343.9
100
_a
15
101
_a
SHJ
245
_a
AMERICAN CRIMINAL PROCEDURE INVESTIGATIVE
_c
SALTZBURG, S.A
942
_2
udc
_c
BK
999
_c
12994
_d
12994